Мова
English
Deutsch
Español
Français
Italiano
日本語
Nederlands
Português
Português (Brasil)
中文(简体)
中文(繁體)
Türkçe
עברית
Gaeilge
Cymraeg
Ελληνικά
Català
Euskara
Русский
Čeština
Suomi
Svenska
polski
Dansk
slovenščina
اللغة العربية
বাংলা
Galego
Tiếng Việt
Hrvatski
हिंदी
Հայերէն
Українська
Всі поля
Назва
Автор
Предмет
ISBN/ISSN
Тег
Ідентифікатор
Знайти
Розширений
Т. 9, вып. 5-8; Журнал приклад...
Цитувати
Відправити по sms
Відправити е-поштою
Друк
Експортувати запис
Екпортувати в RefWorks
Екпортувати в EndNoteWeb
Екпортувати в EndNote
Постійне посилання
Esportazione completata correttamente —
Т. 9, вып. 5-8; Журнал прикладной химии
Бібліографічні деталі
Parent link:
Журнал прикладной химии: химический журнал/ Управление высшей школы Наркомпроса РСФСР. Т. 9, вып. 5-8.— , 1928-.— 0044-4618
Мова:
Російська
Опубліковано:
1936
Формат:
Книга
KOHA link:
https://koha.lib.tpu.ru/cgi-bin/koha/opac-detail.pl?biblionumber=414708
Примірники
Опис
Схожі ресурси
Службовий вигляд
MARC
LEADER
00000nam2a2200000 4500
001
414708
005
20231101072231.0
035
|a
(RuTPU)RU\TPU\prd\70695
090
|a
414708
100
|a
20091014a19289999k y0rusy50 ca
101
0
|a
rus
102
|a
RU
200
0
|a
Т. 9, вып. 5-8
210
|d
1936
461
1
|0
(RuTPU)RU\TPU\prd\164
|x
0044-4618
|t
Журнал прикладной химии
|o
химический журнал
|f
Управление высшей школы Наркомпроса РСФСР
|v
Т. 9, вып. 5-8
|d
1928-
|s
серия Б
801
0
|a
RU
|b
63413507
|c
20010227
|g
PSBO
801
1
|a
RU
|b
63413507
|c
20091014
801
2
|a
RU
|b
63413507
|c
20100527
|g
RCR
942
|c
BK
999
|a
НТБ_ТПУ
|b
НФ
|e
-8/20100113
|p
П-1753
|u
0,00
|v
1
Схожі ресурси
Т. 8, вып. 5-8; Журнал прикладной химии
Опубліковано: (1935)
Т. 5, вып. 5-8; Журнал прикладной химии
Опубліковано: (1932)
Т. 12, вып. 5-8; Журнал прикладной химии
Опубліковано: (1939)
Т. 3, вып. 5-8; Журнал прикладной химии
Опубліковано: (1930)
Т. 9, вып. 9-12; Журнал прикладной химии
Опубліковано: (1936)